000 00621nam a2200253Ia 4500
005 20260121155059.0
008 008 260114s9999 xx 000 0 eng d
020 _a9781003052357
037 _aEBOOK
040 _aCRL
040 _beng
040 _cCRL
041 _2eng
041 _aeng
084 _qCRL
100 _a Catherine Lawler; Abigail Sterne; Nicky Armstrong
_91015128
245 0 _aFloss and the Boss
260 _bTaylor and Francis
260 _c2021
856 _uhttp://www.taylorfrancis.com/books/9781003052357
942 _cEBOOK
999 _c1581947
_d1581947